[Event "XVII Juros Svente 2020-A"]
[Site "Klaipeda"]
[Date "2020.07.23"]
[Round "4.2"]
[White "Paulauskas, Andrius"]
[Black "Butvilas, Aistis"]
[Result "1-0"]
[WhiteElo "1904"]
[BlackElo "2103"]
[Annotator "TA"]
[PlyCount "103"]
[EventDate "2020.07.20"]
[EventType "tourn"]
[EventCountry "LTU"]
[SourceTitle "playchess.com"]
[Source "ChessBase"]
[SourceQuality "1"]

{[%evp 11,103,25,31,33,25,33,34,29,25,30,21,38,33,-152,-174,-169,-180,-166,-154,-160,-83,-204,-200,-191,-188,-183,-180,-208,-212,-259,-252,-252,-183,-261,-253,-244,-244,-255,-247,-222,-243,-236,-219,-236,-198,-213,-211,-206,-197,-242,-180,-177,-177,-132,-163,-285,-216,-198,-147,-138,-14,-16,-40,-32,56,52,247,247,247,247,242,245,247,236,268,278,458,443,588,589,718,700,670,648,886,821,1737,1733,1739,1737,1702,1637,1669,1509]} 1. e4 c5 2. Nf3 e6 3. d4 cxd4 4. Nxd4 Nf6 5. Nc3 Nc6 6. Ndb5 Bc5 7. Nd6+ {B45: Sicilian Four Knights.} Ke7 $1 8. Bf4 e5 9. Nf5+ {White is slightly better.} Kf8 10. Bg5 d6 11. Ne3 Be6 12. Ncd5 $2 (12. Qd2 $14 {stays ahead.}) 12... Qa5+ $17 13. c3 Nxe4 {...Bxd5 is the strong threat.} 14. Bh4 Bxe3 15. Nxe3 {[#]} d5 $146 (15... g5 $142 16. Bd3 Nxc3 {[%mdl 64] Double Attack}) ({Predecessor:} 15... Nxc3 16. Qxd6+ Kg8 17. Qd2 Nd5 18. Qxa5 Nxa5 19. Nxd5 Bxd5 20. Rd1 Be6 21. Bb5 Nc6 22. Bxc6 bxc6 {0-1 (39) Schwerteck,M (2099)-Sohal,T (2280) Reykjavik 2019}) 16. f3 {[#]} (16. Bd3 $17 {is the only way for White.}) 16... Nxc3 $1 $19 {[%mdl 512]} 17. bxc3 Qxc3+ 18. Kf2 d4 $36 {[%mdl 2048] Black has strong initiative.} 19. Nc2 Bf5 20. Rc1 Bxc2 $1 ({Weaker is} 20... d3 21. Ne3 $16) 21. Rxc2 Qe3+ 22. Kg3 g5 23. Qc1 gxh4+ 24. Kxh4 Qxc1 25. Rxc1 Ke7 26. Bd3 f6 27. Rb1 Rab8 28. Rhc1 Kd6 29. Be4 Rhc8 30. g4 b5 31. Kh5 a6 32. h4 Ne7 33. Kh6 (33. Rxc8 {was the only chance.} Rxc8 34. Kh6) 33... Rh8 34. Rc2 Nd5 (34... Rhf8 $19 {Hoping for ...f5.} 35. Rbc1 f5 36. gxf5 Nxf5+ {[%mdl 64] Double Attack} 37. Kg5 Rg8+ 38. Kh5 Ng3+ 39. Kh6 Nxe4 40. fxe4 Rb6) 35. Rbc1 $17 {[#]} Nc3 (35... Rb6 $1 $17 {Threatening ...a5.} 36. h5 b4 37. Bxd5 Kxd5 38. Rc5+ Ke6) 36. Rxc3 $1 $11 dxc3 37. Rxc3 {[%mdl 4096] Endgame KRR-KRB} f5 ({Black should play} 37... Rb6 $15) 38. Rc6+ $14 Kd7 $2 (38... Ke7 $1 $14 39. Bxf5 a5) 39. gxf5 $18 a5 40. Ra6 {[%mdl 1024] White has strong compensation.} a4 41. f6 Rhf8 {[#]} 42. Bd5 $1 b4 {Threatens to win with ...b3.} 43. Kg7 h5 $2 (43... Kc7 {was worth a try.} 44. Rxa4 Rfd8) 44. Rxa4 {White is clearly winning.} Kd6 45. Bb3 Kc5 46. Ra5+ Kd4 47. Rd5+ Kc3 48. Rxe5 Kb2 49. Rxh5 Rfd8 50. f7 Ra8 51. Re5 Rdc8 52. h5 {Accuracy: White = 78%, Black = 49%.} 1-0

[Event "XVII Juros Svente 2020-A"]
[Site "Klaipeda"]
[Date "2020.07.23"]
[Round "4.3"]
[White "Jablokov, Dmitrij"]
[Black "Boyajyan, David"]
[Result "1/2-1/2"]
[WhiteElo "1962"]
[BlackElo "1949"]
[Annotator "TA"]
[PlyCount "98"]
[EventDate "2020.07.20"]
[EventType "tourn"]
[EventCountry "LTU"]
[SourceTitle "playchess.com"]
[Source "ChessBase"]
[SourceQuality "1"]

{[%evp 18,98,14,10,12,8,11,3,23,25,105,-33,-40,-43,-25,-21,-13,-39,-30,-41,-36,-39,-32,-73,-50,-59,-35,-56,-46,-75,-41,-66,-33,-55,-33,-64,-8,-10,-11,-16,0,0,0,-21,0,0,0,0,0,0,0,-26,-14,-27,-9,-14,0,0,-10,-20,0,-21,-21,-27,-20,-20,-29,-29,-9,-29,0,0,0,0,0,-29972,-29973,-29983,-29983,-29991,-29991,-29994,-29995]} 1. d4 Nf6 2. Nf3 e6 3. c4 b6 4. g3 Bb7 5. Bg2 Be7 6. O-O O-O 7. Nc3 d5 8. cxd5 Nxd5 9. Nxd5 exd5 10. Bf4 Nd7 {E16: Queen's Indian: 4 g3 Bb7 5 Bg2 Bb4+.} 11. Rc1 c5 12. Ne5 Nxe5 {The position is equal.} 13. Bxe5 c4 {[#]} (13... Qd7 $11 {keeps the balance.}) 14. Qc2 $146 (14. Rxc4 $1 $16 {[%mdl 512] Hoping for Rc7.} dxc4 15. Bxb7) ({Predecessor:} 14. Rxc4 dxc4 15. Bxb7 Rb8 16. Bxb8 Qxb8 17. Bc6 Bf6 18. e3 b5 19. Qc2 Qb6 20. d5 {0-1 (48) Turner,A-Seidman,H New York 1957}) 14... Qd7 $15 15. Bf4 Bf6 16. Rfd1 Rfe8 17. Bf3 Rac8 18. Qd2 h6 19. b3 b5 20. bxc4 bxc4 21. Qc3 Bc6 22. Rb1 g5 23. Be3 Rb8 24. Rb2 Rb7 25. Rdb1 Reb8 26. h4 Kg7 (26... gxh4 $15 27. Bxh6 Rxb2 28. Rxb2 Rxb2 29. Qxb2 hxg3 30. fxg3 Qb7 31. Qxb7 Bxb7) 27. hxg5 hxg5 28. Qd2 Kg6 29. Qc2+ Kg7 30. Qd2 Qf5 {White must now prevent ...g4.} 31. Rxb7 Rxb7 32. Rxb7 Bxb7 33. Qb2 Bc6 34. a3 Be7 35. Bg2 Qf6 36. Bd2 Qd6 37. Bb4 Qe6 38. Bc3 (38. Bh3 $5 Qxh3 39. Bxe7 $15) 38... Bd6 39. Qd2 f6 40. Qb2 Qe7 (40... f5 {keeps more tension.} 41. Kf1 Kg6 42. Bb4 Bc7 43. Bd2 Qd7) 41. Bb4 Bxb4 42. axb4 Qb7 {aiming for ...a5!} 43. Qc3 {[#]} a5 $1 {[%mdl 512]} 44. bxa5 Qb3 45. Qc1 c3 $36 {[%mdl 2048] Black has some pressure.} 46. Bf1 $2 {[%mdl 8192]} (46. Bh3 $11 Kg6 47. Qe3 Qb1+ 48. Kh2) 46... c2 {Black mates.} 47. e4 Qb1 48. Qa3 c1=Q 49. Qe7+ {[#]} Kg6 $1 {[%mdl 32768] Accuracy: White = 75%, Black = 84%. . An unexpected result.} 1/2-1/2

[Event "XVII Juros Svente 2020-A"]
[Site "Klaipeda"]
[Date "2020.07.23"]
[Round "4.4"]
[White "Golsta, Madara"]
[Black "Juksta, Karolis"]
[Result "0-1"]
[WhiteElo "1903"]
[BlackElo "2366"]
[Annotator "TA"]
[PlyCount "226"]
[EventDate "2020.07.20"]
[EventType "tourn"]
[EventCountry "LTU"]
[SourceTitle "playchess.com"]
[Source "ChessBase"]
[SourceQuality "1"]

{[%evp 9,226,18,34,22,34,28,50,21,19,15,28,19,26,19,30,13,22,25,29,2,35,24,88,96,97,93,77,83,85,62,91,95,86,25,20,24,79,83,75,27,27,26,33,33,46,47,59,-13,-16,-45,-47,-53,-45,-64,-60,-66,-64,-71,-16,-24,0,-19,-25,-24,-23,-83,-16,-76,-55,-133,0,-70,-70,-83,-78,-83,-72,-90,-90,-114,-98,-114,-106,-187,-184,-152,-161,-200,-194,-292,-290,-250,-219,-413,-376,-407,-410,-319,-107,-92,-62,-59,0,0,0,-64,-69,-75,-69,-66,-32,-101,-117,-132,-131,-291,-291,-291,-132,-217,-175,-191,-37,-37,-39,-39,-35,-32,-25,-47,-56,-54,-54,-57,-20,-22,0,-72,-53,-72,-72,-72,-72,-72,-72,-72,-72,-72,-72,-72,-72,-72,-71,-71,-71,-61,-60,-72,-72,-72,-72,-72,-72,-72,-72,-72,-72,-72,-71,-69,-60,-60,-60,-60,-60,-60,-54,-72,-72,-72,-72,-82,-72,-29985,-29986,-29987,-29988,-29988,-82,-82,-82,-82,-82,-82,-82,-82,-82,-82,-82,-82,-82,-82,-82,-29983,-29984,-29984,-29985,-29985,-29981,-29981,-82,-29978,-82,-29996,-29997,-29997,-29979,-29979,-82]} 1. Nf3 d5 2. g3 Nf6 3. Bg2 Bf5 4. c4 dxc4 5. Qa4+ c6 6. Qxc4 {A07: Réti Opening: New York and Capablanca Systems.} Nbd7 7. O-O e5 8. d3 {White is slightly better.} (8. Nxe5 $5 Be6 9. Qf4 $14) 8... Bd6 9. Nbd2 $40 {[%mdl 128] White has some attack.} O-O 10. b3 Qe7 11. Bb2 {[#]} Rfd8 $146 ({Predecessor:} 11... h6 12. Rfe1 Qe6 13. a3 Qe7 14. Qc2 Nb6 15. e4 Bh7 16. Qc3 Nfd7 17. d4 exd4 18. Qxd4 {1-0 (63) Friehoff,H-Zeitler,H Helmbrechts 1963}) 12. Rfe1 Nb6 13. Qc2 Nfd7 14. e4 Bg6 15. d4 c5 (15... Re8 $11) 16. dxe5 $16 Bxe5 17. Nxe5 Nxe5 18. Bxe5 Qxe5 19. Nf1 Rd4 20. f4 Qe7 21. f5 (21. Rac1 $16) 21... Bh5 $11 22. e5 c4 (22... Nd5 $11) 23. h3 $16 {Black must now prevent Qf2.} f6 24. exf6 Qxf6 25. Bxb7 Rad8 26. Re6 Qf7 27. Bg2 Bd1 28. Qb2 (28. Rxd1 $14 Rxd1 29. bxc4) 28... Qxf5 $11 29. Re7 Qc5 {...Rd2+ is the strong threat.} 30. Re3 Nd5 31. Bxd5+ $1 R4xd5 32. bxc4 Rf5 33. Qa3 $1 Qb6 (33... Qxc4 $2 34. Rxd1 $1 {[%mdl 512]} Rxd1 35. Re8+ Kf7 36. Rf8+ Ke6 37. Rxf5 $18) (33... Qc6 $17 34. Re1 Ba4) 34. Qe7 Be2 35. c5 Rxc5 36. Rb1 Rb5 37. Re1 (37. Rc1 $1 $11 Rf5 38. Qe6+ Qxe6 39. Rxe6 Rxf1+ 40. Rxf1 Bxf1 41. Kxf1) 37... Bc4 (37... Rb2 $17 38. Qe6+ Qxe6 39. Rxe6 Bxf1 40. Kxf1 Rxa2) 38. a4 (38. Qxd8+ $1 $11 {keeps the balance.} Qxd8 39. Re8+ Qxe8 40. Rxe8+ Kf7 41. Rc8 Bxf1 42. Rc7+ Kf6 43. Kxf1) 38... Rbd5 39. Rb1 (39. g4 $15) 39... Qd6 (39... Qxb1 $2 40. Qe6+ Kf8 41. Rf3+ Rf5 42. Rxf5+ Qxf5 43. Qxf5+ $18) (39... Rf5 $1 $17 40. Qe4 (40. Rxb6 $2 Rxf1+ 41. Kg2 Rd2+ 42. Re2 Rxe2+ 43. Qxe2 Bxe2 $19) 40... Rf7 {[%mdl 64] Remove Defender, Decoy}) 40. Rb7 (40. Rc1 $11 Bxf1 41. Rxf1) 40... Qxe7 $1 $15 41. Rbxe7 (41. Rexe7 $2 {too greedy.} Rd1 $19) 41... Rd1 42. Re1 a5 43. Re8+ Kf7 44. R8e4 R8d4 (44... Rxe1 {seems wilder.} 45. Rxe1 Rd4 46. h4 Be6 47. Ra1 Bd7) 45. Rxd4 Rxd4 $17 {[%mdl 4096] Endgame KRB-KRN} 46. Ne3 (46. h4 $17 {is a better defense.}) 46... Be6 $1 $19 47. Rc1 Rxa4 48. Kf2 Bxh3 49. Rh1 (49. Rc7+ $142 Kf8 50. Ke2) 49... Ra2+ 50. Kf3 Bc8 {And now ...Bb7+ would win.} 51. Rxh7 $2 (51. Rb1) 51... Bb7+ 52. Kf4 Kg6 53. Rh4 {If White can now play Ke5 this consolidates a bit.} Rf2+ $2 (53... Ra4+ $19 54. Ke5 Rxh4 55. gxh4 Bc8) 54. Ke5 $17 Rf3 55. Rg4+ Kh5 (55... Kh7 $5 {[%cal Rf3e3]} 56. Rh4+ Kg8 $17) 56. Rh4+ Kg6 57. Rg4+ Kh7 $1 58. Nc4 Bc8 59. Rh4+ Kg8 60. Nb6 ({White should try} 60. Rd4 $15) 60... Bb7 61. Rg4 Rb3 62. Nd7 $2 (62. Na4 $17 {was necessary.}) 62... Bc8 $19 63. Nc5 Rc3 (63... Bxg4 $19 {has better winning chances.} 64. Nxb3 a4) 64. Ne4 (64. Kd4 $17) 64... Re3 65. Kd4 {Black should prevent Nf6+.} Rb3 $2 (65... Bxg4 $19 66. Kxe3 Kf7) 66. Rg5 $15 Rb4+ 67. Ke3 a4 68. Ra5 Bd7 69. Nc5 Bc6 70. Ra6 Bb5 71. Ra7 Rc4 72. Ne6 g6 73. Rg7+ ({Better is} 73. Nd4 $11 Be8 74. Ke4) 73... Kh8 {Threatens to win with ...a3.} 74. Rxg6 a3 75. Rh6+ Kg8 76. Rh1 Bc6 77. Ra1 {[#]} Re4+ $1 78. Kf2 Rxe6 79. Rxa3 $17 {KRB-KR} Rf6+ 80. Kg1 Bb7 81. Rb3 Ba6 82. Rb4 Rc6 83. Rf4 Kg7 84. Kf2 Kg6 85. Rb4 Kg5 86. Kf3 Rc3+ 87. Kf2 Bc4 88. Rb7 Kf5 89. Rc7 Ke4 90. Re7+ Kd4 91. Kg2 Bd5+ 92. Kh3 Rc8 93. Re1 Bf3 {[%cal Rc8h8]} 94. Kh4 Rg8 95. Rg1 Ke3 96. g4 $2 {[%mdl 8192]} (96. Ra1 $17) 96... Kf2 97. Ra1 Rxg4+ 98. Kh3 Rg5 $2 (98... Rb4 99. Ra2+ Be2 100. Rd2 Rb3+ 101. Kh4 Rb5 102. Rxe2+ Kxe2 103. Kg4 Ke3 104. Kg3 Rg5+ 105. Kh4 Kf4 106. Kh3 Kf3 107. Kh2 Rh5+ 108. Kg1 Rh6 109. Kf1 Rh1#) 99. Ra2+ Be2 {[%cal Rg5h5]} 100. Ra4 Rb5 101. Rf4+ Bf3 102. Ra4 Rh5+ 103. Rh4 Ra5 {( -> ...Ra1)} 104. Rb4 Rg5 105. Rb2+ Ke3 {Strongly threatening ...Kf4.} 106. Rb3+ $2 {[%mdl 8192]} (106. Rb6 $17) 106... Kf4 {[%cal Rg5h5]} 107. Rb4+ Be4 {[%cal Rg5h5]} 108. Kh4 Rg8 {[%cal Rg8h8]} 109. Rb5 Ra8 $2 (109... Rg7 110. Ra5 Rg2 111. Ra3 Rg7 112. Ra5 Rg2 113. Ra3 Rg7 114. Ra5) 110. Rc5 $2 {[%mdl 8192]} (110. Rg5 $17) 110... Bd3 $2 (110... Ra7 111. Rb5 Rg7 112. Ra5 Rg2 113. Ra3 Rg8 114. Ra5 Rg2 115. Ra3 Rg8 116. Ra5 Rg2) 111. Kh3 $2 {[%mdl 8192] [#]} (111. Rg5 $17) 111... Ra2 $1 {Black mates.} 112. Rc3 Be4 113. Kh4 Ke5 $2 {Accuracy: White = 65%, Black = 74%.} (113... Rg2 {mates} 114. Ra3 Bc2 115. Rc3 Bf5 116. Rc4+ Be4 117. Rc3 Rg8 118. Rc5 Rg4+ 119. Kh5 Rg7 120. Kh4 Rg1 121. Rc3 Rg8 122. Rc5 Rg1 123. Rc3 Rg6 124. Rc5 Rg1) 0-1

[Event "XVII Juros Svente 2020-A"]
[Site "Klaipeda"]
[Date "2020.07.23"]
[Round "4.5"]
[White "Vardanyan, Aras"]
[Black "Pocius, Vaclovas"]
[Result "1-0"]
[WhiteElo "2178"]
[BlackElo "1714"]
[Annotator "TA"]
[PlyCount "75"]
[EventDate "2020.07.20"]
[EventType "tourn"]
[EventCountry "LTU"]
[SourceTitle "playchess.com"]
[Source "ChessBase"]
[SourceQuality "1"]

{[%evp 9,75,22,24,12,31,0,57,-9,0,-38,-38,-38,-17,-34,-35,-81,-20,-18,-11,-18,-10,-32,-11,-32,16,27,213,205,200,199,245,245,311,298,391,341,350,341,345,343,358,337,489,544,542,536,533,540,537,487,493,467,452,436,450,426,672,653,952,704,650,579,1073,1071,1077,1065,1036,1027]} 1. Nf3 Nf6 2. b3 d6 3. d4 Bg4 4. Nbd2 e6 5. e4 Be7 {[#]} 6. h3 $146 {A46: 1 d4 Nf6 2 Nf3 e6: Torre, London and Colle Systems.} ({Predecessor:} 6. Bb2 d5 7. Bd3 c6 8. O-O O-O 9. c4 Bh5 10. a3 Bg6 11. Qe2 Nbd7 12. Ne1 dxe4 13. Nxe4 Nxe4 14. Bxe4 Bxe4 15. Qxe4 {1-0 (35) Thorfinnsson,B (2398)-Karason,A (2255) Reykjavik 2017}) 6... Bh5 7. Bd3 Nc6 (7... d5 $11) 8. g4 (8. c3 $14) 8... Bg6 $11 9. a3 d5 {[%cal Rd5e4]} 10. e5 Ne4 {[#] White must now prevent ...Nc3.} 11. Qe2 h5 {...hxg4 is the strong threat.} 12. g5 Qd7 (12... Nxg5 $17 13. h4 Nxf3+ 14. Nxf3 O-O) 13. Qe3 {[%cal Rd2e4]} O-O-O 14. b4 Kb8 15. Rg1 Bf5 16. Nb3 Ka8 ({Much weaker is} 16... Bxh3 $6 17. b5 $14) (16... a5 {is more complex.} 17. b5 Na7 18. a4 Nc8 19. c3 Nxc3 20. Bxf5 exf5 21. Nxa5 Ne4) 17. Nh4 Bxg5 $2 {This costs Black the game.} (17... f6 $11) 18. Rxg5 $18 Nxg5 19. Nxf5 {Hoping for b5.} ({Much less strong is} 19. Qxg5 $6 Bxd3 20. cxd3 Rdg8 $14) 19... exf5 20. Qxg5 {[%mdl 64] [#] Double Attack} g6 21. b5 Ne7 22. Qh4 f4 23. Bxf4 ({Less strong is} 23. Qxf4 Qxh3 24. Qxf7 Rde8 $18) 23... Nf5 24. Qf6 Rhe8 25. O-O-O Re6 (25... Qe6 {was called for.} 26. Qxe6 fxe6) 26. Nc5 {White is clearly winning.} Rxf6 27. Nxd7 Re6 28. Bxf5 gxf5 29. Nf6 a6 30. bxa6 Rxa6 31. Kb2 Ka7 32. Rg1 c6 (32... c5 $142 33. dxc5 d4) 33. Rg7 Kb6 34. Bd2 Kb5 35. Kb3 b6 36. Rxf7 Ra4 37. c3 Rda8 38. Bc1 {Accuracy: White = 78%, Black = 43%.} 1-0

[Event "XVII Juros Svente 2020-A"]
[Site "Klaipeda"]
[Date "2020.07.23"]
[Round "4.6"]
[White "Salna, Aleksandras"]
[Black "Zirnovas, Martynas"]
[Result "1-0"]
[WhiteElo "2063"]
[BlackElo "1801"]
[Annotator "TA"]
[PlyCount "79"]
[EventDate "2020.07.20"]
[EventType "tourn"]
[EventCountry "LTU"]
[SourceTitle "playchess.com"]
[Source "ChessBase"]
[SourceQuality "1"]

{[%evp 13,79,25,41,29,39,0,66,16,36,37,55,50,44,56,303,285,306,297,392,372,402,400,402,401,431,262,241,255,251,223,268,264,264,263,271,271,271,272,282,264,277,254,246,235,292,268,328,280,417,394,1067,1002,12841,12842,12842,12843,12843,12843,12844,12844,12845,12846,12846,12847,12847,12847,12848,12848]} 1. d4 Nf6 2. c4 g6 3. Nc3 Bg7 4. e4 d6 5. h3 O-O 6. Be3 e5 7. d5 c6 8. g4 $1 {[%mdl 4] is currently scoring better than 8.Nf3. E71: King's Indian: 4 e4 d6 5 h3.} a6 {[#]} 9. a4 $146 ({Predecessor:} 9. Nge2 b5 10. Ng3 bxc4 11. Bxc4 c5 12. Qd2 Nbd7 13. f3 Rb8 14. a3 Qa5 15. h4 Nb6 {0-1 (52) Ochoa de la Rosa,M (2403)-Martin Del Campo C,R (2314) Merida 2019}) 9... Qa5 (9... a5 $11) 10. Bd3 {White is slightly better.} Qb4 11. a5 {Bd2 is the strong threat.} cxd5 {White must now prevent ...d4.} (11... Qxb2 $2 12. Na4 $18) 12. Ra4 $1 {[%cal Ra4b4]} Qxb2 13. Nge2 $1 $36 {[%mdl 2048] Threatens to win with Bc1. White is pushing.} Bd7 $2 {[#]} (13... dxc4 $14 14. Bc1 Qxc1 $1 {[%mdl 512]} 15. Nxc1 cxd3) 14. Bc1 $1 $18 {[%cal Rc1b2]} Bxa4 15. Qxa4 b5 16. cxb5 (16. Bxb2 $2 bxa4 17. cxd5 Nbd7 $17) 16... axb5 17. Bxb5 (17. Bxb2 $2 {is the wrong capture.} bxa4 18. f3 d4 $19) 17... Rxa5 18. Qxa5 ({Not} 18. Bxb2 Rxa4 19. Nxa4 Nxe4 $16) 18... Qb3 19. Qa3 Qxa3 20. Bxa3 d4 21. Bxd6 dxc3 22. Bxf8 ({And not} 22. Nxc3 Rc8 $11) 22... Bxf8 23. f3 Bb4 24. Kd1 h6 25. Kc2 Nbd7 26. Ra1 Kf8 27. Ra4 Bc5 28. Nxc3 Ke7 29. Ra8 Bd4 30. Rh8 Bxc3 (30... Nc5 {might work better.} 31. Bc4 Be3) 31. Kxc3 {[%mdl 4096] Endgame KRB-KNN} h5 $2 (31... Nf8 32. h4 Ne6) 32. g5 {White is clearly winning.} Ne8 {[#]} 33. Rxe8+ $1 {[%mdl 512]} Kxe8 {KB-KN} 34. Kc4 Ke7 35. Bxd7 Kxd7 36. Kd5 Ke8 37. Kxe5 Ke7 38. h4 Ke8 39. Kf6 {f4 would kill now.} Kf8 40. e5 {Black did not feel at home in the position after the opening. Accuracy: White = 87%, Black = 44%.} 1-0

[Event "XVII Juros Svente 2020-A"]
[Site "Klaipeda"]
[Date "2020.07.23"]
[Round "4.7"]
[White "Tolmacevs, Artjoms"]
[Black "Pidluznij, Gleb"]
[Result "1/2-1/2"]
[WhiteElo "1610"]
[BlackElo "2042"]
[Annotator "TA"]
[PlyCount "117"]
[EventDate "2020.07.20"]
[EventType "tourn"]
[EventCountry "LTU"]
[SourceTitle "playchess.com"]
[Source "ChessBase"]
[SourceQuality "1"]

{[%evp 14,117,74,3,4,-4,-2,-77,-69,-75,-74,-122,-108,-121,-134,-121,-77,-64,-66,-103,-54,-77,-80,-182,-175,-182,-183,-191,-192,-198,-192,-257,-227,-327,-271,-330,-334,-604,-595,-662,-657,-668,-696,-635,-627,-661,-640,-650,-666,-877,-891,-834,-588,-748,-726,-741,-726,-671,-563,-547,-531,-477,-536,-510,-493,-415,0,0,0,0,0,0,0,0,0,0,0,0,0,0,0,0,0,0,166,178,164,0,0,0,-4,-4,0,0,0,0,0,0,0,0,20,23,6079,0,0,0]} 1. e4 c5 2. Nf3 Nc6 3. d4 cxd4 4. Nxd4 Nf6 5. Nc3 d6 6. Bg5 e6 7. Qd2 h6 8. Be3 (8. Bxf6 $1 $16 gxf6 9. Be2) 8... Ng4 $11 {B63: Sicilian: Richter-Rauzer: 7...Be7 and unusual Black 7th moves.} 9. O-O-O Nxe3 10. fxe3 (10. Qxe3 $11 {keeps the balance.} Be7 11. f4) 10... a6 $17 {[#] Black is better.} 11. Kb1 $146 ({Predecessor:} 11. Nxc6 bxc6 12. e5 d5 13. h4 Be7 14. Qf2 Rb8 15. Qg3 g6 16. a3 Qb6 17. Kd2 {½-½ (41) Dubinski,M (2053)-Smola,M (2017) Szklarska Poreba 2006}) 11... Be7 12. g4 Ne5 13. Qg2 b5 14. Nf3 Qb6 15. Nxe5 dxe5 16. h4 g6 17. Qg3 Qc7 18. g5 (18. Bd3 $17) 18... hxg5 $19 19. Nxb5 Qb8 (19... axb5 20. Bxb5+ Kf8 21. hxg5 $11) 20. h5 gxh5 (20... axb5 21. hxg6 $1 {[%mdl 512]} Rg8 22. gxf7+ Kxf7 23. Qf3+ Bf6 24. Rh6 Rg6 25. Qh5 $1 {[%mdl 512]}) 21. Nc3 Qc7 22. a4 (22. Rd3 $142) 22... Rb8 23. Kc1 (23. Rd3 $142) 23... f6 24. Be2 h4 25. Qg4 $2 {[#]} (25. Qe1) 25... Ba3 $1 {[%mdl 512]} 26. Nb5 (26. bxa3 Qxc3) 26... axb5 27. Bxb5+ {[#]} Rxb5 $1 28. axb5 Bc5 29. Qf3 Ke7 30. Rhf1 Rf8 31. Rd3 Bd7 32. Rb3 Bb6 33. Qh5 Qc4 {[%mdl 64] Double Attack} 34. Rd1 Qxe4 35. Kb1 Rc8 36. Rxd7+ Kxd7 37. Qf7+ Kd6 38. Rd3+ {[#]} Bd4 $1 39. exd4 exd4 $2 (39... Qh1+ $19 40. Ka2 Qd5+ {[%mdl 64] Double Attack} 41. Kb1 Qc4 42. dxe5+ Kxe5 43. Re3+ Kf4 44. Qxe6 g4 45. Qxc4+ Rxc4) 40. Qxf6 {[%mdl 4096] Endgame KQR-KQR} Qh1+ 41. Ka2 Qa8+ 42. Kb1 Qh1+ 43. Ka2 Qd5+ {[%mdl 64] Double Attack} 44. Kb1 Qh1+ (44... Kc5 $5 45. Qe7+ $8 Kb6 $11) 45. Ka2 Qd5+ {[%mdl 64] Double Attack} 46. Kb1 Qh1+ 47. Ka2 Qa8+ 48. Kb1 Rc5 $2 (48... Qh1+ $11 {and Black is okay.} 49. Ka2) 49. Rxd4+ $18 ({Inferior is} 49. Qxd4+ Rd5 $11) 49... Rd5 {[#]} 50. Rxd5+ $2 (50. b6 $1 $18 Qe8 51. Rxd5+ Kxd5 52. Qxg5+ Kc6 53. Qxh4 Kxb6 54. Qd4+ Ka6 55. Qe5) 50... Qxd5 {KQ-KQ} 51. Qd8+ {[#]} Kc5 $1 {[%mdl 512]} 52. Qa5 Qh1+ 53. Ka2 Qd5+ 54. b3 {Threatens to win with Qc7+.} h3 55. Qc7+ Kd4 56. b6 {aiming for b7.} Qa5+ (56... h2 $5 57. b7 (57. Qxh2 Qa5+ {[%mdl 64] Double Attack} 58. Kb2 Qc3+ 59. Kb1 Qe1+ 60. Kb2 Qc3+ 61. Ka2 Qa5+ {[%mdl 64] Double Attack} 62. Kb2 Qc3+ $11) 57... h1=Q $11) 57. Kb2 h2 $2 {[%mdl 8192]} (57... Ke4 $11) 58. Qxh2 $2 (58. Qd6+ $18 Qd5 59. Qxh2) 58... Qc3+ $11 59. Kb1 {What a fight! Accuracy: White = 62%, Black = 81%.} 1/2-1/2